Statistics for UK Number Ones in 2023

Click here to take the quiz!

General Stats

  • This quiz has been taken 10 times
    (3 since last reset)
  • The average score is 12 of 18

Answer Stats

Artist/sSingle% Correct
RAYE feat. 070 ShakeEscapism
100%
LadBabyFood Aid
100%
Wham!Last Christmas
100%
Wham!Last Christmas
100%
Oliva RodrigoVampire
100%
Dua LipaDance the Night
67%
Miley CyrusFlowers
67%
Taylor SwiftIs It Over Now?
67%
Jack HarlowLovin' on Me
67%
The BeatlesNow and Then
67%
Doja CatPaint the Town Red
67%
Dave feat. Central CeeSprinter
67%
Billie EilishWhat Was I Made For?
67%
Calvin Harris feat. Ellie GouldingMiracle
33%
Lewis CapaldiPointless
33%
Kenya GraceStrangers
33%
Lewis CapaldiWish You The Best
33%
Ed SheeranEyes Closed
0%

Score Distribution

Percentile by Number Answered

Percent of People with Each Score

Your Score History

You have not taken this quiz since the last reset